| 000 | 00445nam a2200133Ia 4500 | ||
|---|---|---|---|
| 008 | 170221s9999 xx 000 0 und d | ||
| 100 | _aC. Linda Laing | ||
| 245 | 4 | _aThe Student - as - Customer Metaphor: A Deconstruction Using Foucauldian Constructs | |
| 245 | _cC. Linda Laing and Gregory K. Laing | ||
| 260 | _c2017 | ||
| 300 | _a6 : 1 | ||
| 650 | _xBusiness | ||
| 856 | _uhttp://ro.uow.edu.au/cgi/viewcontent.cgi?article=1679&context=aabfj | ||
| 999 |
_c309852 _d309852 |
||